Detalles MARC
| 000 -CABECERA |
| Longitud fija campo de control |
03130nam a2200637 4500 |
| 003 - • IDENTIFICADOR DELl NÚMERO DE CONTROL |
| Identificador del número de control |
CO-BoRNBP |
| 005 - • FECHA Y HORA DE LA ÚLTIMA TRANSACCIÓN |
| Fecha y hora de la última transacción |
20260223154953.0 |
| 007 - • CAMPO FIJO DE DESCRIPCIÓN FÍSICA |
| Campo fijo de descripción física |
ta |
| 008 - • CÓDIGOS DE INFORMACIÓN DE LONGITUD FIJA |
| Códigos de información de longitud fija |
010622r20011997sp | ||| ||spa |
| 017 ## - NÚMERO DE COPYRIGHT O DE DEPÓSITO LEGAL |
| Número de copyright o de depósito legal |
B 19417-2001 |
| Agencia que asigna el número |
Oficina Depósito Legal Barcelona |
| 020 ## - • NÚMERO INTERNACIONAL NORMALIZADO PARA LIBROS |
| Número Internacional Normalizado para Libros (ISBN) |
8432216062 |
| 020 ## - • NÚMERO INTERNACIONAL NORMALIZADO PARA LIBROS |
| Número Internacional Normalizado para Libros (ISBN) |
9788432216060 |
| 040 ## - FUENTE DE LA CATALOGACIÓN |
| Centro catalogador de origen |
SpMaBN |
| Lengua de catalogación |
spa |
| Centro transcriptor |
SpMaBN |
| Normas de descripción |
rdc |
| 041 1# - • CÓDIGO DE LENGUA |
| Código de lengua del texto/banda sonora o título independiente |
spa |
| Código de lengua original |
ger |
| 080 ## - NÚMERO DE LA CLASIFICACIÓN DECIMAL UNIVERSAL |
| Número de la Clasificación Decimal Universal |
821.112.2-31"19" |
| 084 ## - • Clasificación Local Alfanúmerica PNLB |
| Número de clasificación |
N SUS1 |
| 100 1# - • PUNTO DE ACCESO PRINCIPAL-NOMBRE DE PERSONA |
| Nombre de persona |
Süskind, Patrick |
| Fechas asociadas al nombre |
1949- |
| 240 14 - • TÍTULO UNIFORME |
| Título uniforme |
<a href="Das Parfüm">Das Parfüm</a> |
| 245 13 - • TITULO PROPIAMENTE DICHO |
| Título |
El perfume |
| Medio |
[Texto impreso] : |
| Resto del título |
historia de un asesino |
| Mención de responsabilidad, etc. |
Patrick Süskind ; traducción de Pilar Giralt Gorina |
| 250 ## - • MENCIÓN DE EDICIÓN |
| Mención de edición |
1ª ed. en Colección Booket |
| 300 ## - • DESCRIPCIÓN FÍSICA |
| Extensión |
239 p. |
| Dimensiones |
18 cm |
| 336 ## - TIPO DE CONTENIDO |
| Fuente |
rdacontent |
| Término de tipo de contenido |
texto |
| Código de tipo de contenido |
txt |
| 337 ## - TIPO DE MEDIO |
| Fuente |
rdamedia |
| Nombre del tipo de medio |
sin mediación |
| Código del tipo de medio |
n |
| 338 ## - TIPO DE SOPORTE |
| Fuente |
rdacarrier |
| Nombre del tipo de soporte |
volumen |
| Código del tipo de soporte |
nc |
| 490 1# - • MENCIÓN DE SERIE |
| Mención de serie |
Novela |
| Designación de volumen o secuencia |
2013 |
| 650 ## - • PUNTO DE ACCESO ADICIONAL DE MATERIA - TÉRMINO DE MATERIA |
| Fuente del encabezamiento o término |
LEMB |
| 830 #0 - • PUNTO DE ACCESO ADICIONAL DE SERIE - TÍTULO UNIFORME |
| Título uniforme |
Novela (Booket (Editorial)) |
| Designación de volumen o secuencia |
2013 |
| 942 ## - ENTRADA DE ELEMENTOS AGREGADOS (KOHA) |
| Fuente de clasificaión o esquema |
Dewey Decimal Classification |
| Koha [por defecto] tipo de item |
LIbro |
| 956 ## - LOCALIZACIÓN Y ACCESO ELECTRÓNICO LOCAL (OCLC) |
| Nombre de la fuente |
2 |
| 980 ## - EQUIVALENCIA O SECCIÓN-REFERENCIA-INFORME SERIES--NOMBRE / TÍTULO DE PERSONA [LOCAL, CANADA] |
| Nombre personal |
B 19417-2001 |
| -- |
84-322-1606-2 |
| -- |
SpMaBN |
| Numeración |
BNALCALA |
| Atributo cualificador |
12/76418 |
| T&íacute;tulos u otras palabras asociadas a nombre |
SG_PETANTI |
| 980 ## - EQUIVALENCIA O SECCIÓN-REFERENCIA-INFORME SERIES--NOMBRE / TÍTULO DE PERSONA [LOCAL, CANADA] |
| Nombre personal |
B 19417-2001 |
| -- |
84-322-1606-2 |
| -- |
SpMaBN |
| Numeración |
BNALCALA |
| Atributo cualificador |
AHM/497710 |
| T&íacute;tulos u otras palabras asociadas a nombre |
SG_PETANTI |
| 980 ## - EQUIVALENCIA O SECCIÓN-REFERENCIA-INFORME SERIES--NOMBRE / TÍTULO DE PERSONA [LOCAL, CANADA] |
| Nombre personal |
B 34269-2001 |
| -- |
84-322-1606-2 |
| -- |
SpMaBN |
| Numeración |
BNALCALA |
| Atributo cualificador |
AHM/531744 |
| T&íacute;tulos u otras palabras asociadas a nombre |
SG_PETANTI |
| 980 ## - EQUIVALENCIA O SECCIÓN-REFERENCIA-INFORME SERIES--NOMBRE / TÍTULO DE PERSONA [LOCAL, CANADA] |
| Nombre personal |
B 34269-2001 |
| -- |
84-322-1606-2 |
| -- |
SpMaBN |
| Numeración |
BNALCALA |
| Atributo cualificador |
AHM/534492 |
| T&íacute;tulos u otras palabras asociadas a nombre |
SG_PETANTI |
| 980 ## - EQUIVALENCIA O SECCIÓN-REFERENCIA-INFORME SERIES--NOMBRE / TÍTULO DE PERSONA [LOCAL, CANADA] |
| Nombre personal |
B 49888-2002 |
| -- |
84-322-1606-2 |
| -- |
SpMaBN |
| Numeración |
BNALCALA |
| Atributo cualificador |
AHM/710321 |
| T&íacute;tulos u otras palabras asociadas a nombre |
SG_PETANTI |
| 980 ## - EQUIVALENCIA O SECCIÓN-REFERENCIA-INFORME SERIES--NOMBRE / TÍTULO DE PERSONA [LOCAL, CANADA] |
| Nombre personal |
B 39635-2004 |
| -- |
84-322-1606-2 |
| -- |
SpMaBN |
| Numeración |
BNALCALA |
| T&íacute;tulos u otras palabras asociadas a nombre |
SG_PETANTI |
| Atributo cualificador |
AHMO/99533 |
| 980 ## - EQUIVALENCIA O SECCIÓN-REFERENCIA-INFORME SERIES--NOMBRE / TÍTULO DE PERSONA [LOCAL, CANADA] |
| Nombre personal |
B 48529-2004 |
| -- |
84-322-1606-2 |
| -- |
SpMaBN |
| Numeración |
BNALCALA |
| T&íacute;tulos u otras palabras asociadas a nombre |
SG_PETANTI |
| Atributo cualificador |
AHMO/113106 |
| 980 ## - EQUIVALENCIA O SECCIÓN-REFERENCIA-INFORME SERIES--NOMBRE / TÍTULO DE PERSONA [LOCAL, CANADA] |
| Nombre personal |
B 1821-2005 |
| -- |
84-322-1606-2 |
| -- |
SpMaBN |
| Numeración |
BNALCALA |
| T&íacute;tulos u otras palabras asociadas a nombre |
SG_PETANTI |
| Atributo cualificador |
AHMO/114294 |
| 980 ## - EQUIVALENCIA O SECCIÓN-REFERENCIA-INFORME SERIES--NOMBRE / TÍTULO DE PERSONA [LOCAL, CANADA] |
| Nombre personal |
B 34512-2005 |
| -- |
84-322-1606-2 |
| -- |
SpMaBN |
| Numeración |
BNALCALA |
| T&íacute;tulos u otras palabras asociadas a nombre |
SG_PETANTI |
| Atributo cualificador |
AHMO/149769 |
| 980 ## - EQUIVALENCIA O SECCIÓN-REFERENCIA-INFORME SERIES--NOMBRE / TÍTULO DE PERSONA [LOCAL, CANADA] |
| Nombre personal |
B 39785-2005 |
| -- |
84-322-1606-2 |
| -- |
SpMaBN |
| Numeración |
BNALCALA |
| T&íacute;tulos u otras palabras asociadas a nombre |
SG_PETANTI |
| Atributo cualificador |
AHMO/171000 |
| 980 ## - EQUIVALENCIA O SECCIÓN-REFERENCIA-INFORME SERIES--NOMBRE / TÍTULO DE PERSONA [LOCAL, CANADA] |
| Nombre personal |
B 19417-2001 |
| -- |
84-322-1606-2 |
| -- |
SpMaBN |
| Numeración |
BNALCALA |
| Atributo cualificador |
DL/1058321 |
| T&íacute;tulos u otras palabras asociadas a nombre |
CONSERVACI |
| 980 ## - EQUIVALENCIA O SECCIÓN-REFERENCIA-INFORME SERIES--NOMBRE / TÍTULO DE PERSONA [LOCAL, CANADA] |
| Nombre personal |
B 34269-2001 |
| -- |
84-322-1606-2 |
| -- |
SpMaBN |
| Numeración |
BNALCALA |
| Atributo cualificador |
DL/1089225 |
| T&íacute;tulos u otras palabras asociadas a nombre |
CONSERVACI |
| 980 ## - EQUIVALENCIA O SECCIÓN-REFERENCIA-INFORME SERIES--NOMBRE / TÍTULO DE PERSONA [LOCAL, CANADA] |
| Nombre personal |
B 1773-2002 |
| -- |
84-322-1606-2 |
| -- |
SpMaBN |
| Numeración |
BNALCALA |
| Atributo cualificador |
DL/1116056 |
| T&íacute;tulos u otras palabras asociadas a nombre |
CONSERVACI |
| 980 ## - EQUIVALENCIA O SECCIÓN-REFERENCIA-INFORME SERIES--NOMBRE / TÍTULO DE PERSONA [LOCAL, CANADA] |
| Nombre personal |
B 28955-2002 |
| -- |
84-322-1606-2 |
| -- |
SpMaBN |
| Numeración |
BNALCALA |
| Atributo cualificador |
DL/1145622 |
| T&íacute;tulos u otras palabras asociadas a nombre |
CONSERVACI |
| 980 ## - EQUIVALENCIA O SECCIÓN-REFERENCIA-INFORME SERIES--NOMBRE / TÍTULO DE PERSONA [LOCAL, CANADA] |
| Nombre personal |
B 49888-2002 |
| -- |
84-322-1606-2 |
| -- |
SpMaBN |
| Numeración |
BNALCALA |
| Atributo cualificador |
DL/1188435 |
| T&íacute;tulos u otras palabras asociadas a nombre |
CONSERVACI |
| 980 ## - EQUIVALENCIA O SECCIÓN-REFERENCIA-INFORME SERIES--NOMBRE / TÍTULO DE PERSONA [LOCAL, CANADA] |
| Nombre personal |
B 5840-2003 |
| -- |
84-322-1606-2 |
| -- |
SpMaBN |
| Numeración |
BNALCALA |
| Atributo cualificador |
DL/1198111 |
| T&íacute;tulos u otras palabras asociadas a nombre |
CONSERVACI |
| 980 ## - EQUIVALENCIA O SECCIÓN-REFERENCIA-INFORME SERIES--NOMBRE / TÍTULO DE PERSONA [LOCAL, CANADA] |
| Nombre personal |
B 26272-2003 |
| -- |
84-322-1606-2 |
| -- |
SpMaBN |
| Numeración |
BNALCALA |
| Atributo cualificador |
DL/1220061 |
| T&íacute;tulos u otras palabras asociadas a nombre |
CONSERVACI |
| 980 ## - EQUIVALENCIA O SECCIÓN-REFERENCIA-INFORME SERIES--NOMBRE / TÍTULO DE PERSONA [LOCAL, CANADA] |
| Nombre personal |
B 44146-2003 |
| -- |
84-322-1606-2 |
| -- |
SpMaBN |
| Numeración |
BNALCALA |
| Atributo cualificador |
DL/1254111 |
| T&íacute;tulos u otras palabras asociadas a nombre |
CONSERVACI |
| 980 ## - EQUIVALENCIA O SECCIÓN-REFERENCIA-INFORME SERIES--NOMBRE / TÍTULO DE PERSONA [LOCAL, CANADA] |
| Nombre personal |
B 6544-2004 |
| -- |
84-322-1606-2 |
| -- |
SpMaBN |
| Numeración |
BNALCALA |
| Atributo cualificador |
DL/1278023 |
| T&íacute;tulos u otras palabras asociadas a nombre |
CONSERVACI |
| 980 ## - EQUIVALENCIA O SECCIÓN-REFERENCIA-INFORME SERIES--NOMBRE / TÍTULO DE PERSONA [LOCAL, CANADA] |
| Nombre personal |
B 21725-2004 |
| -- |
84-322-1606-2 |
| -- |
SpMaBN |
| Numeración |
BNALCALA |
| Atributo cualificador |
DL/1304547 |
| T&íacute;tulos u otras palabras asociadas a nombre |
CONSERVACI |
| 980 ## - EQUIVALENCIA O SECCIÓN-REFERENCIA-INFORME SERIES--NOMBRE / TÍTULO DE PERSONA [LOCAL, CANADA] |
| Nombre personal |
B 39635-2004 |
| -- |
84-322-1606-2 |
| -- |
SpMaBN |
| Numeración |
BNALCALA |
| Atributo cualificador |
DL/1347144 |
| T&íacute;tulos u otras palabras asociadas a nombre |
CONSERVACI |
| 980 ## - EQUIVALENCIA O SECCIÓN-REFERENCIA-INFORME SERIES--NOMBRE / TÍTULO DE PERSONA [LOCAL, CANADA] |
| Nombre personal |
B 48529-2004 |
| -- |
84-322-1606-2 |
| -- |
SpMaBN |
| Numeración |
BNALCALA |
| Atributo cualificador |
DL/1369401 |
| T&íacute;tulos u otras palabras asociadas a nombre |
CONSERVACI |
| 980 ## - EQUIVALENCIA O SECCIÓN-REFERENCIA-INFORME SERIES--NOMBRE / TÍTULO DE PERSONA [LOCAL, CANADA] |
| Nombre personal |
B 1821-2005 |
| -- |
84-322-1606-2 |
| -- |
SpMaBN |
| Numeración |
BNALCALA |
| Atributo cualificador |
DL/1369816 |
| T&íacute;tulos u otras palabras asociadas a nombre |
CONSERVACI |
| 980 ## - EQUIVALENCIA O SECCIÓN-REFERENCIA-INFORME SERIES--NOMBRE / TÍTULO DE PERSONA [LOCAL, CANADA] |
| Nombre personal |
B 34512-2005 |
| -- |
84-322-1606-2 |
| -- |
SpMaBN |
| Numeración |
BNALCALA |
| Atributo cualificador |
DL/1412915 |
| T&íacute;tulos u otras palabras asociadas a nombre |
CONSERVACI |
| 980 ## - EQUIVALENCIA O SECCIÓN-REFERENCIA-INFORME SERIES--NOMBRE / TÍTULO DE PERSONA [LOCAL, CANADA] |
| Nombre personal |
B 39785-2005 |
| -- |
84-322-1606-2 |
| -- |
SpMaBN |
| Numeración |
BNALCALA |
| Atributo cualificador |
DL/1439788 |
| T&íacute;tulos u otras palabras asociadas a nombre |
CONSERVACI |